000 00839nam a2200253 i 4500
001 12928
003 ES-MaACL
005 20230906150436.0
007 t|
008 971014s1996 sp ||||1| spa d
020 _a84-206-2855-7
080 _a801.5
100 1 _aLorenzo, Guillermo.
_974149
245 1 0 _aIntroducción a la sintaxis generativa
_b: la teoría de Principios y Parámetros en evolución /
_cGuillermo Lorenzo, Víctor Manuel Longa.
260 _aMadrid :
_bAlianza Editorial,
_cD.L. 1996.
300 _a226 p. ;
_c20 cm.
490 1 _aAlianza universidad ;
_v855
504 _aBibliografía : p. 219-226.
650 1 4 _aGramática generativa.
_913156
700 1 _aLonga, Víctor Manuel.
_973229
830 0 _aAlianza universidad ;
_v855
_9177276
852 _aES-MaACL
_jL-20334
_bR.126201
999 _c12928
_d12928